Historia Rervm in Oriente Gestarvm ab Exordio Mvndi et Orbe Condito ad Nostra haec vsqve Tempora : In qva rato Ordine et Svccincta Miraqve breuitate non tantum de origine primum auctuque & summa felicitate ac mox inclinatione, casu, & tristi interitu nobilissimarum monarchiarum Assyriorum, Medorvm, et Persarvm, Graecorvm & Macedonvm, verum etiam florentissimi Romani imperii ab vrbe condita successus explicantur: deque Constantinopolitana, siue Byzantina Romanae diu aemula potentia, tandemque miserabili captiuitate luculenter disseritur. Vna cum narratione compendiosa de rebus Tvrcicis & Persicis; deque Othomanici imperij initio & progressu in eam magnitudinem, quae hodie omnibus gentibus, longe lateque metuenda est. Opvs, Praeterqvam Qvod Crebris et Oportvnis Digressionibus in eo totius ferme orbis terrarum, regionum ac gentium, origines, situs ... praesertim rerum publicarum moderatoribus, vt exemplo extinctorum ob domestica mala imperiorum lomge olim celeberrimorum admoniti ... atque operam dare meminerint /

Hlavní autor: Johannes Zonaras, -1130
Další autoři: Nikétas Chóniatés, asi 1150-1213, Nicephorus Gregoras, 1295-1359, Laonicus Chalcocondyles, 1423-1490
Jazyk: Latina
Vydáno: Francof. ad Moenum : Apvd Petrvm Fabricivm impens. Sigis. Feyrabendij, 1587
Témata:
Externí odkaz: Digitalizovaný dokument (Exemplář z Österreichische Nationalbibliothek, sig. 65.O.22 ALT PRUNK)
Titulní list
Fyzický popis: [4], 297, [45] listů ; 2°
Knihy
Uloženo v:
LEADER 03183nam a2200421 a 4500
001 mzk03001039423
003 CZ BrMZK
005 20181111170148.0
007 ta
008 061013s1587 gw i fr|||||00| ||latod
040 |a BOA001  |b cze 
041 1 |a lat  |h grc 
072 7 |a 094  |x Staré tisky  |2 Konspekt  |9 12 
080 |a (0.068)094  |2 MRF 
100 0 |a Johannes Zonaras,  |d -1130  |7 mzk2009510045  |4 aut 
245 1 0 |a Historia Rervm in Oriente Gestarvm ab Exordio Mvndi et Orbe Condito ad Nostra haec vsqve Tempora :  |b In qva rato Ordine et Svccincta Miraqve breuitate non tantum de origine primum auctuque & summa felicitate ac mox inclinatione, casu, & tristi interitu nobilissimarum monarchiarum Assyriorum, Medorvm, et Persarvm, Graecorvm & Macedonvm, verum etiam florentissimi Romani imperii ab vrbe condita successus explicantur: deque Constantinopolitana, siue Byzantina Romanae diu aemula potentia, tandemque miserabili captiuitate luculenter disseritur. Vna cum narratione compendiosa de rebus Tvrcicis & Persicis; deque Othomanici imperij initio & progressu in eam magnitudinem, quae hodie omnibus gentibus, longe lateque metuenda est. Opvs, Praeterqvam Qvod Crebris et Oportvnis Digressionibus in eo totius ferme orbis terrarum, regionum ac gentium, origines, situs ... praesertim rerum publicarum moderatoribus, vt exemplo extinctorum ob domestica mala imperiorum lomge olim celeberrimorum admoniti ... atque operam dare meminerint /  |c Nomina Avctorvm Hvivs Operis et Eorvm Qvos Secvtvs Est F. Mod. in auctario suo quod continet commemorationem rerum gestarum toto orbe ab excidio Constantinopolitane fere ad hunc annum M. D. LXXXVII. post praefationem reperies [Ioannes Zonaras, Nicetas Acominatus Choniates, Nicephorus Gregoras, Laonicus Chalcocondyles etc.] Cvm Indicibvs ad Calcem Longe Locvpletissimis ; [Hieronymus Wolffius ... Latinitate donaret] 
260 |a Francof. ad Moenum :  |b Apvd Petrvm Fabricivm impens. Sigis. Feyrabendij,  |c 1587 
300 |a [4], 297, [45] listů ;  |c 2° 
500 |a Výzdoba: Titulní list tištěn červeně a černě, iniciály, vlysy, viněty, znak würzburského probošta, signet, text tištěn dvousloupcově 
501 |a Přívazek k: Ta Euriskomena ... / Xenofón 
510 3 |a DNB 
510 4 |a VD16,  |c VD16 H 3899  |u http://gateway-bayern.de/VD16+H+3899 
655 7 |a staré tisky  |7 fd422076  |2 czenas 
700 0 |a Nikétas Chóniatés,  |d asi 1150-1213  |7 jx20070919016  |4 aut 
700 0 |a Nicephorus Gregoras,  |d 1295-1359  |4 aut 
700 0 |a Laonicus Chalcocondyles,  |d 1423-1490  |4 aut 
856 4 2 |u http://data.onb.ac.at/ABO/%2BZ167225608  |y Digitalizovaný dokument  |z Exemplář z Österreichische Nationalbibliothek, sig. 65.O.22 ALT PRUNK 
856 4 1 |u https://imageserver.mzk.cz/mzk03/001/039/423/001039423.titul.jp2  |y Titulní list 
903 |a RP 
910 |a BOA001  |b ST3-0087.001,přív. 
978 |b Fabricius, Petrus  |a Frankfurt a.M.  |c 1587 
978 |b Feyerabend, Sigmund  |a Frankfurt a.M.  |c 1587 
984 |a Frankfurt nad Mohanem  |b Německo 
985 |a 1551-1600 
990 |a BK 
993 |a Y 
991 |k mzk 
994 |a UP  |l MZK03  |b 001039422  |m přívazek  |n záznam 1. díla (pro objednání pokračujte kliknutím)